|
|
|
|
| LEADER |
01108nab a2200313 i 4500 |
| 001 |
publ34390 |
| 005 |
20240801113553.0 |
| 008 |
240801s2024 hu o 000 eng d |
| 022 |
|
|
|a 0169-1368
|
| 024 |
7 |
|
|a 10.1016/j.oregeorev.2024.106124
|2 doi
|
| 024 |
7 |
|
|a 35086767
|2 mtmt
|
| 040 |
|
|
|a SZTE Publicatio Repozitórium
|b hun
|
| 041 |
|
|
|a eng
|
| 100 |
1 |
|
|a Dong Zhi-Guo
|
| 245 |
1 |
0 |
|a Microbial contribution to the formation of the Carboniferous sedimentary manganese deposits in northwestern China
|h [elektronikus dokumentum] /
|c Dong Zhi-Guo
|
| 260 |
|
|
|c 2024
|
| 300 |
|
|
|a 22
|
| 490 |
0 |
|
|a ORE GEOLOGY REVIEWS
|v 170
|
| 650 |
|
4 |
|a Föld- és kapcsolódó környezettudományok
|
| 700 |
0 |
1 |
|a Zhang Bang-Lu
|e aut
|
| 700 |
0 |
1 |
|a Gyollai Ildikó
|e aut
|
| 700 |
0 |
1 |
|a Fintor Krisztián
|e aut
|
| 700 |
0 |
1 |
|a Szabó Máté Zoltán
|e aut
|
| 700 |
0 |
1 |
|a Kovács Ivett
|e aut
|
| 700 |
0 |
1 |
|a Gao Jun
|e aut
|
| 700 |
0 |
1 |
|a Zhang Lian-Chang
|e aut
|
| 700 |
0 |
1 |
|a Polgári Márta Piroska
|e aut
|
| 700 |
0 |
1 |
|a Wang Chang-Le
|e aut
|
| 856 |
4 |
0 |
|u http://publicatio.bibl.u-szeged.hu/34390/1/1-s2.0-S0169136824002579-main.pdf
|z Dokumentum-elérés
|